000 00456cam a2200181ua 4500
020 _a0-444-4567-1X
041 _aeng
_h
082 _a628.167 028 7
_bLIO/DE
100 _aLior, Noam .
245 _aDesalination and water purification, Vol 2 /
_cNoam Lior.
_hTextual Documents
260 _aAmsterdam :
_bElsevier ,
_c1986.
300 _a470 ; .
362 0 _aVol 2-
500 _a** Reference
504 _a
942 _cBK
999 _c10082
_d10082